000 00954nam a2200253Ia 4500
003 OSt
005 20220923215935.0
006 a|||||r|||| 00| 0
007 ta
008 220922b |||||||| |||| 00| 0 hin d
024 _a182,999
037 _cTextual
040 _aARTS
_cARTS
_bhin
041 _2hin
_ahin
082 _aO152,1N17:g, M4
100 _aउपाध्याय, विश्वंभर नाथ; प्रेम शंकर
_9163963
245 0 _aदेवराज
_b साहित्यकार और चिन्तक
246 _aDevarāja: sāhityakār aur chintaka
260 _aलखनऊ
_b अंकन प्रकाशन
_c1984
300 _a265 पृ.
_ccm.
650 _aहिन्दी साहित्य
_9156264
942 _hO152,1N17:g, M4
_cTEXL
_2CC
999 _c336355
_d336355